Top 15 Largest European Cities (By Area) - Statistics

General Stats
  • This quiz has been taken 13 times
  • The average score is 5 of 15
Answer Stats
Area in km^2 Answer % Correct
2561 Moscow
100%
1572 London
75%
1287 Rome
67%
1439 St Petersburg
58%
891 Berlin
50%
604 Madrid
50%
755 Hamburg
33%
835 Kyiv
33%
598 Birmingham
25%
799 Perm
8%
641 Zagreb
8%
682 Gdansk
0%
707 Ufa
0%
596 Voronezh
0%
859 Wolgograd
0%
No matching quizzes found
Score Distribution
Percent of People with Each Score
Percentile by Number Answered
Your Score History
You have not taken this quiz